00289nam a2200121Ia 4500008004100000100001800041245002900059260002600088300000900114650002000123942000700143999001700150190216s9999||||xx |||||||||||||| ||und|| aRavindran T K 0aMounathinte Nanarthangal bPoorna Pubs Kozhikode a182p aMalayalam Novel cBK c27099d27099